000 00383nam a22001577a 4500
003 SGT
020 _a978-0-323-02394-8
082 _a617.7, BOPS
100 _aSTAMPER, ROBERT
245 _aBECKER- SHAFFER'S DIAGNOSIS & THERAPY OF THE GLAUCOMAS
250 _a8TH
260 _aPHILADELPHIA
_bELESVIER
_c2009
300 _a568
650 _aDIAGNOSIS & THERAPY
942 _2ddc
_cBK
999 _c8886
_d8886